Effects of the extensive use of mechanization on farm labor use and patterns in rice and corn production system in the Philippines (Record no. 99788)

MARC details
000 -LEADER
fixed length control field 00615nam a22001337a 4500
003 - CONTROL NUMBER IDENTIFIER
control field URS
005 - DATE AND TIME OF LATEST TRANSACTION
control field 20260406145312.0
008 - FIXED-LENGTH DATA ELEMENTS--GENERAL INFORMATION
fixed length control field 250311b |||||||| |||| 00| 0 eng d
040 ## - CATALOGING SOURCE
Language of cataloging eng
Transcribing agency URS
Modifying agency URS
245 ## - TITLE STATEMENT
Title Effects of the extensive use of mechanization on farm labor use and patterns in rice and corn production system in the Philippines
Statement of responsibility, etc. Victor A. Rodulfo, Alexis C. del Rosario, Maria Victoria L. Larona, Alfrederick D. Salandanan, Mary Grace O. Bautista, and Nelson Jose Vincent B. Querijero
300 ## - PHYSICAL DESCRIPTION
Extent 33-38
710 ## - ADDED ENTRY--CORPORATE NAME
Corporate name or jurisdiction name as entry element Philippine Journal of the Agricultural and Biosystems Engineering
942 ## - ADDED ENTRY ELEMENTS (KOHA)
Source of classification or shelving scheme Library of Congress Classification
Koha item type Continuing Resources
Holdings
Withdrawn status Source of classification or shelving scheme Damaged status Not for loan Home library Current library Date acquired Total Checkouts Date last seen Price effective from Koha item type
  Library of Congress Classification     Tanay College Library Tanay College Library 03/11/2025   03/11/2025 03/11/2025 Continuing Resources

University of Rizal System
Email us at univlibservices@urs.edu.ph

Visit our Website www.urs.edu.ph/library